000 00957nam a2200265Ia 4500
003 OSt
005 20220923211536.0
006 a|||||r|||| 00| 0
007 ta
008 220922b |||||||| |||| 00| 0 hin d
020 _a9789382821113 (hbk)
_c280
024 _a278,491
037 _b670, 18/12/2013, Nayee Kitab
_cTextual
040 _aARTS
_cARTS
_bhin
041 _2hin
_ahin
082 _aO157,1M99:g, 152Q3
100 _aनिशान्त
_9156280
245 0 _aजीवनानन्द दास और आधुनिक हिन्दी कविता
246 _aJīvanānanda dās aur ādhunik hindī kavitā
260 _aदिल्ली
_b नयी किताब
_c2013
300 _a152पृ.
_ccm.
650 _aबंगाली साहित्य
_9156264
942 _hO157,1M99:g, 152Q3
_cTEXL
_2CC
999 _c300610
_d300610